000 00933nmm a2200265 a 4500
001 ocm0002145933
003 TR-IsHL
005 20201028181626.0
008 190105s2018 tu tur
007 cr cn
020 _a9786059221818
035 _a2145933
_b(N$T)
050 0 4 _aP306
_b.B85 2018
090 0 4 _aP306
_b.B85 2018
100 1 _aBulut, Alev
245 1 0 _aBasından örneklerle çeviride ideoloji: ideolojik çeviri
_h[electronic resource] /
_cAlev Bulut
260 _aAnkara :
_bSiyasal Kitabevi,
_c2018
300 _a192 p.
650 4 _aDil ve Edebiyat
650 4 _aLanguage and Literature
650 0 _aÇeviri ve Yorumlama
_x Politik Yönleri
650 0 _aTranslating and interpreting
_x Political aspects
650 7 _aLANGUAGE ARTS & DISCIPLINES / Translating & Interpreting
_2bisacsh
856 4 0 _uhttp://search.ebscohost.com/login.aspx?direct=true&scope=site&db=e011xww&AN=2145933
999 _c19689
_d19689